<?xml version="1.0" encoding="UTF-8"?>
<record
    xmlns:xsi="http://www.w3.org/2001/XMLSchema-instance"
    xsi:schemaLocation="http://www.loc.gov/MARC21/slim http://www.loc.gov/standards/marcxml/schema/MARC21slim.xsd"
    xmlns="http://www.loc.gov/MARC21/slim">

  <leader>01022cam a2200265I  4500</leader>
  <datafield tag="999" ind1=" " ind2=" ">
    <subfield code="c">3050</subfield>
    <subfield code="d">3050</subfield>
  </datafield>
  <controlfield tag="001">6458794</controlfield>
  <controlfield tag="003">OCoLC</controlfield>
  <controlfield tag="005">20181023144041.0</controlfield>
  <controlfield tag="008">800625s1965    ilu           000 0 eng  </controlfield>
  <datafield tag="010" ind1=" " ind2=" ">
    <subfield code="a">65004360</subfield>
  </datafield>
  <datafield tag="040" ind1=" " ind2=" ">
    <subfield code="a">DLC</subfield>
    <subfield code="c">CCT</subfield>
    <subfield code="d">OCL</subfield>
    <subfield code="d">RGC</subfield>
  </datafield>
  <datafield tag="050" ind1=" " ind2=" ">
    <subfield code="a">BS1560.A3</subfield>
    <subfield code="b">T3</subfield>
  </datafield>
  <datafield tag="082" ind1=" " ind2=" ">
    <subfield code="a">224</subfield>
    <subfield code="b">T238L</subfield>
  </datafield>
  <datafield tag="100" ind1=" " ind2=" ">
    <subfield code="a">Taylor, Kenneth Nathaniel</subfield>
  </datafield>
  <datafield tag="130" ind1="0" ind2=" ">
    <subfield code="a">Bible.</subfield>
    <subfield code="p">O.T.</subfield>
    <subfield code="p">Minor prophets.</subfield>
    <subfield code="l">English.</subfield>
    <subfield code="k">Paraphrases.</subfield>
    <subfield code="f">1965.</subfield>
    <subfield code="s">Taylor.</subfield>
  </datafield>
  <datafield tag="245" ind1="1" ind2="0">
    <subfield code="a">Living prophecies;</subfield>
    <subfield code="b">the Minor prophets paraphrased with Daniel and the Revelation.</subfield>
    <subfield code="c">By Kenneth Nathaniel Taylor.</subfield>
  </datafield>
  <datafield tag="260" ind1=" " ind2=" ">
    <subfield code="a">[Wheaton, Ill.,</subfield>
    <subfield code="b">Tyndale House,</subfield>
    <subfield code="c">1965]</subfield>
  </datafield>
  <datafield tag="300" ind1=" " ind2=" ">
    <subfield code="a">232 p.</subfield>
    <subfield code="c">18 cm.</subfield>
  </datafield>
  <datafield tag="500" ind1=" " ind2=" ">
    <subfield code="a">Prepared by Kenneth N. Taylor with the assistance of Harry Hoffner, Berkeley Mickelsen, and Warren Harbeck. Cf. Dust jacket.</subfield>
  </datafield>
  <datafield tag="500" ind1=" " ind2=" ">
    <subfield code="a">BCL3</subfield>
  </datafield>
  <datafield tag="700" ind1="1" ind2=" ">
    <subfield code="a">Taylor, Kenneth Nathaniel.</subfield>
  </datafield>
  <datafield tag="730" ind1="0" ind2=" ">
    <subfield code="a">Bible.</subfield>
    <subfield code="p">O.T.</subfield>
    <subfield code="p">Daniel.</subfield>
    <subfield code="l">English.</subfield>
    <subfield code="k">Paraphrases.</subfield>
    <subfield code="f">1965.</subfield>
    <subfield code="s">Taylor.</subfield>
  </datafield>
  <datafield tag="730" ind1="0" ind2=" ">
    <subfield code="a">Bible.</subfield>
    <subfield code="p">N.T.</subfield>
    <subfield code="p">Revelation.</subfield>
    <subfield code="l">English.</subfield>
    <subfield code="k">Paraphrases.</subfield>
    <subfield code="f">1965.</subfield>
    <subfield code="s">Taylor.</subfield>
  </datafield>
  <datafield tag="942" ind1=" " ind2=" ">
    <subfield code="2">ddc</subfield>
    <subfield code="c">BK</subfield>
  </datafield>
  <datafield tag="952" ind1=" " ind2=" ">
    <subfield code="0">0</subfield>
    <subfield code="1">0</subfield>
    <subfield code="2">ddc</subfield>
    <subfield code="4">0</subfield>
    <subfield code="7">0</subfield>
    <subfield code="8">NFIC</subfield>
    <subfield code="a">HMC</subfield>
    <subfield code="b">HMC</subfield>
    <subfield code="c">GEN</subfield>
    <subfield code="d">2018-10-23</subfield>
    <subfield code="g">200.00</subfield>
    <subfield code="l">0</subfield>
    <subfield code="o">224 T238L</subfield>
    <subfield code="p">002053</subfield>
    <subfield code="r">2018-10-23 00:00:00</subfield>
    <subfield code="w">2018-10-23</subfield>
    <subfield code="y">BK</subfield>
  </datafield>
</record>
